000 00947nam a2200277 i 4500
003 DO-SdBNP
005 20260629135409.0
007 ta
008 260629b1996 dr ||||| |||| 00| 0 spa d
020 _a8489539138
040 _aDO-SdBNP
_bspa
_cBNPHU
_erda
041 _aspa
082 4 _axxx
_bxxx
_222
100 _aUribe, Max,
_d1900 -1996
_eautor
_4aut.
_99495
245 1 0 _aNotas y apuntes lexicográficos (Americanismos y Dominicanismos) /
_cMax Uribe ; prólogo, Mariano Lebrón Saviñón
264 4 _aSanto Domingo :
_bEditora de Colores;
_bUniversidad Central del Este,
_c©1996.
300 _a486 páginas ;
_c27 cm.
336 _atexto
_btxt
_2rdacontent
337 _asin mediación
_bn
_2rdamedia
338 _avolumen
_bnc
_2rdacarrier
490 0 _aColección Estudios Lingüisticos
590 _aInventariado, 2026/BT
700 1 _aLebrón Saviñón, Mariano,
_eprologuista
_4pr.
_989262
910 _aBtavárez
942 _2ddc
_cLBS1
999 _c60968
_d60968